Atlas general secundaria / (Registro nro. 11563)
[ vista simple ]
| 000 -LIDER | |
|---|---|
| fixed length control field | 00827nam a22002537a 4500 |
| 003 - IDENTIFICACDOR DE NÚMERO DE CONTROL | |
| control field | DO-SdBNP |
| 005 - DATE AND TIME OF LATEST TRANSACTION | |
| control field | 20220602120216.0 |
| 008 - ELEMENTOS DE LONGITUD FIJA | |
| fixed length control field | 161013b2003 sp||| 00| 0 spa d |
| 020 ## - ISBN | |
| International Standard Book Number | 8429472320 |
| 040 ## - FUENTE DE CATALOGACIÓN | |
| Agencia que crea de manera original el registro | BPMSU |
| Idioma de catalogación | spa |
| Agencia que realiza la transcripción | BPMSU |
| 082 ## - NÚMERO DE CLASIFICACIÓN DECIMAL DE DEWEY | |
| Classification number | R910 |
| Item number | A881g 2003 |
| Edition number | 22 |
| 245 ## - MENCIÓN DE TITULO | |
| Título | Atlas general secundaria / |
| Mención de responsabilidad | Félix Planelló... [y otros]; coordinación Jesús Crespo Redondo |
| 260 ## - PUBLICACIÓN, DISTRIBUCIÓN, ETC. (PIE DE IMPRENTA) | |
| Lugar de publicación, distribución, etc | Madrid : |
| Nombre del editor, distribuidor, etc. | Santillana Educación , |
| Fecha de publicación, distribución, etc | 2003 |
| 300 ## - DESCRIPCIÓN FÍSICA | |
| Extensión | 152 p. : |
| Otros detalles físicos | il. : |
| Dimensiones | 34 cm |
| 505 ## - NOTA DE CONTENIDO | |
| Título | Europa -- |
| -- | Asia -- |
| -- | América del norte -- |
| -- | América central y del sur -- |
| -- | África -- |
| -- | Ocenía -- |
| 590 ## - NOTA LOCAL | |
| Enlace | Inventariado, 2022/VM |
| 650 #4 - ENCABEZAMIENTO DE MATERIA--TEMÁTICO | |
| Término temático o nombre geográfico como elemento de entrada | Atlas. |
| 650 #4 - ENCABEZAMIENTO DE MATERIA--TEMÁTICO | |
| Término temático o nombre geográfico como elemento de entrada | Geografía. |
| 650 #4 - ENCABEZAMIENTO DE MATERIA--TEMÁTICO | |
| Término temático o nombre geográfico como elemento de entrada | Mapas |
| 700 1# - ASIENTO SECUNDARIO -- NOMBRE PERSONAL | |
| Nombre personal | Planelló, Félix |
| 700 1# - ASIENTO SECUNDARIO -- NOMBRE PERSONAL | |
| Nombre personal | Crespo Redondo, Jesús |
| Mención de responsabilidad | coordinador |
| Títulos u otras palabras asociadas con el nombre | |
| 910 ## - VALIDACIÓN | |
| Validación | VMateo V. |
| 942 ## - ADDED ENTRY ELEMENTS (KOHA) | |
| Source of classification or shelving scheme | Dewey Decimal Classification |
| Koha item type | Libros |
| Withdrawn status | Lost status | Source of classification or shelving scheme | Damaged status | Not for loan | Collection code | Home library | Current library | Date acquired | Source of acquisition | Full call number | Barcode | Date last seen | Price effective from | Koha item type |
|---|---|---|---|---|---|---|---|---|---|---|---|---|---|---|
| Dewey Decimal Classification | Colección de Referencia General | Biblioteca Pública Metropolitana Salomé Ureña | Biblioteca Pública Metropolitana Salomé Ureña | 10/13/2016 | FUNDI | BPMSU CGR R910 A881g 2003 | BPMSU22060001 | 10/13/2016 | 10/13/2016 | Libros |